000 00395nam a2200145 4500
005 20260313101050.0
008 260313b |||||||| |||| 00| 0 eng d
020 _a978-81259-3096-9
100 _aGupta B.D
245 _aMathematical Physics
_c/B.D Gupta
250 _a4th ed
260 _aIndia;
_bVikas Publishing House PVT LTD;
_c2010
300 _axvi,15.150p. ill;
_c23.7cm
942 _2lcc
_n0
_cBK
999 _c190
_d190